| 000 | 00575nam a22001817a 4500 | ||
|---|---|---|---|
| 003 | CEME | ||
| 005 | 20210628202540.0 | ||
| 008 | 210209b xxu||||| |||| 00| 0 eng d | ||
| 020 | _a0-240-80416-3 | ||
| 040 | _c. | ||
| 082 | _a621.382 RHO | ||
| 100 |
_aRhodes, John _960432 |
||
| 245 | _aVideo conferencing for the real world, implementing effective visual communications systems | ||
| 260 |
_aBOSTON _bFOCAL PRESS _c2001 |
||
| 300 | _aXVII,239P | ||
| 650 |
_aCOMMUNICATIONS SYSTEMS-VISUAL; VISUAL COMMUNICATIONS SYSTEMS; VIDEO CONFERENCING _960433 |
||
| 942 |
_cBK _2ddc |
||
| 999 |
_c570150 _d570150 |
||